zpět

Detail výsledku týmu

Kyjovský pivovar, Kyjov

Datum a čas kvízu

27 Celkem bodů Celkový počet nahraných bodů na tomto kvízu bez doplňovacích otázek.
6. Pořadí na kvízu Konečné umístění týmu na tomto kvízu.

Zaznamenané odpovědi

# Otázka Odpověď Body Výsledky
1. Minulý týden informovala Fakul... o základní kámen 1
2. Charitativní obchůdek v anglic... erotické pomůcky 1
3. V rámci festivalu Prague Sound... Richard Müller, David Koller 0.5
4. Když prezident jednoho evropsk... na Slovensku 0
5. Která 40letá úspěšná lyžařka o... Lindsey Vonn 1
6. Většina z nás se v dětství uči... chlorid amonný 1
7. Který z těchto smyslů je u člo... sluch (z ucha) 0
8. U kterého z následujících živo... B 1
9. Těsné propojení čichu a chuti... A 0
10. Buňky v sítnici lidského oka c... tyčinky 1